[Event "Mittelfrank Regionalliga Nord-Ost 2223"]
[Site "Mittelfranken"]
[Date "2022.12.11"]
[Round "4.2"]
[White "Finster, Michael"]
[Black "Krivanek, Vladimir"]
[Result "0-1"]
[WhiteElo "2045"]
[BlackElo "2146"]
[PlyCount "78"]
[EventDate "2022.10.09"]
[EventType "team-tourn"]
[EventRounds "9"]
[EventCountry "GER"]
[SourceTitle "EXT 2024"]
[Source "ChessBase"]
[SourceDate "2023.10.10"]
[SourceVersion "1"]
[SourceVersionDate "2023.10.10"]
[SourceQuality "1"]
[WhiteTeam "Herzogenaurach II"]
[BlackTeam "Heng Postbauer"]
[WhiteTeamCountry "GER"]
[BlackTeamCountry "GER"]

1. e4 d6 2. Nc3 c5 3. d3 g6 4. g3 Bg7 5. Bg2 Nc6 6. Be3 Rb8 7. a4 a6 8. Qd2 Nd4 9. Nge2 Nxe2 10. Qxe2 Nf6 11. h3 b5 12. axb5 axb5 13. e5 dxe5 14. Bxc5 Bb7 15. Bxb7 Rxb7 16. Qf3 Qc8 17. 0-0 0-0 18. Bb4 Rd8 19. Ra5 e4 20. dxe4 Qxh3 21. Nxb5 h5 22. Re1 Qd7 23. c4 Ng4 24. Bc3 Bxc3 25. Qxc3 Qd2 26. Rf1 Qe2 27. Raa1 Qxe4 28. Rae1 Qf5 29. Nd4 Qf6 30. Rd1 Rbd7 31. f3 Ne5 32. c5 Rxd4 33. Rxd4 Rxd4 34. f4 Nc6 35. Ra1 h4 36. Kg2 hxg3 37. Ra8+ Kg7 38. Ra6 Qxf4 39. Ra4 Qf2+ 0-1

[Event "Mittelfranken Landesliga Nord 2122"]
[Site "Mittelfranken"]
[Date "2022.05.08"]
[Round "8.5"]
[White "Finster, Michael"]
[Black "Mueller, Johannes2222"]
[Result "1/2-1/2"]
[WhiteElo "2074"]
[BlackElo "1987"]
[PlyCount "79"]
[EventDate "2021.10.24"]
[EventType "team-tourn"]
[EventRounds "9"]
[EventCountry "GER"]
[SourceTitle "EXT 2024"]
[Source "ChessBase"]
[SourceDate "2023.10.10"]
[SourceVersion "1"]
[SourceVersionDate "2023.10.10"]
[SourceQuality "1"]
[WhiteTeam "Herzogenaurach"]
[BlackTeam "Kelheim"]
[WhiteTeamCountry "GER"]
[BlackTeamCountry "GER"]

1. e4 c6 2. c4 d5 3. exd5 cxd5 4. d4 Nf6 5. Nc3 g6 6. h3 Bg7 7. Nf3 0-0 8. Be3 Nc6 9. Rc1 b6 10. b3 Bb7 11. Be2 Rc8 12. 0-0 h6 13. Re1 e6 14. cxd5 Nxd5 15. Nxd5 Qxd5 16. Bc4 Qa5 17. Qe2 Ne7 18. a4 Qh5 19. Ne5 Qxe2 20. Rxe2 Nd5 21. Rec2 Nxe3 22. fxe3 Bxe5 23. dxe5 Rc5 24. Bd3 Rxe5 25. Rc7 Rxe3 26. Bxg6 Bd5 27. Rxa7 Rg3 28. Bh5 Rxg2+ 29. Kf1 Rg5 30. Bd1 Rd8 31. h4 Rf5+ 32. Ke1 Kg7 33. Rcc7 e5 34. b4 Rf4 35. Bh5 Ra8 36. Rxa8 Bxa8 37. a5 bxa5 38. bxa5 Bd5 39. Rc5 Rd4 40. a6 1/2-1/2

[Event "Mittelfranken Landesliga Nord 2122"]
[Site "Mittelfranken"]
[Date "2022.03.13"]
[Round "6.5"]
[White "Finster, Michael"]
[Black "Schmidt, Oliver"]
[Result "0-1"]
[WhiteElo "2074"]
[BlackElo "1938"]
[PlyCount "130"]
[EventDate "2021.10.24"]
[EventType "team-tourn"]
[EventRounds "9"]
[EventCountry "GER"]
[SourceTitle "EXT 2024"]
[Source "ChessBase"]
[SourceDate "2023.10.10"]
[SourceVersion "1"]
[SourceVersionDate "2023.10.10"]
[SourceQuality "1"]
[WhiteTeam "Herzogenaurach"]
[BlackTeam "Schwandorf"]
[WhiteTeamCountry "GER"]
[BlackTeamCountry "GER"]

1. e4 c5 2. Nf3 Nc6 3. b4 Nxb4 4. c3 Nc6 5. d4 cxd4 6. cxd4 g6 7. Nc3 Bg7 8. Be3 d6 9. h3 Nf6 10. Rc1 0-0 11. Bd3 a6 12. 0-0 Bd7 13. Qd2 Rc8 14. Bh6 Qa5 15. Bxg7 Kxg7 16. d5 Ne5 17. Nxe5 dxe5 18. Qb2 Nh5 19. Ne2 Kg8 20. Qxe5 e6 21. g4 Ng7 22. Qd6 Bb5 23. Bxb5 Qxb5 24. Nd4 Qd3 25. Rxc8 Rxc8 26. Qd7 Rf8 27. Nb3 Qxh3 28. Re1 Qxg4+ 29. Kf1 Nh5 30. Re3 Nf4 31. dxe6 fxe6 32. Qd4 Qg2+ 33. Ke1 Qg1+ 34. Kd2 Qxf2+ 35. Kd1 Qxa2 36. Nd2 Rc8 37. Rb3 Qc2+ 38. Ke1 Qc1+ 39. Kf2 Qg1+ 40. Kxg1 Ne2+ 41. Kf2 Nxd4 42. Rxb7 Rc2 43. Ke3 e5 44. Kd3 Rc5 45. Nc4 Ne6 46. Ne3 Nf4+ 47. Kd2 h5 48. Ra7 a5 49. Nd1 Kf8 50. Nc3 h4 51. Na4 Rc4 52. Rxa5 Rxe4 53. Nc5 Re2+ 54. Kd1 Ke7 55. Nd3 Re4 56. Nxe5 h3 57. Ra7+ Ke6 58. Ng4 Kf5 59. Nf2 Re3 60. Rf7+ Kg5 61. Rh7 Nh5 62. Kd2 Ra3 63. Ke2 h2 64. Kf1 Rf3 65. Kg2 Rxf2+ 0-1

[Event "Landesliga Nord 1920"]
[Site "Bayern"]
[Date "2020.02.09"]
[Round "6.6"]
[White "Ulusoy, Tolga"]
[Black "Finster, Michael"]
[Result "0-1"]
[WhiteElo "2019"]
[BlackElo "2105"]
[PlyCount "106"]
[EventDate "2019.09.29"]
[EventType "team-tourn"]
[EventRounds "9"]
[EventCountry "GER"]
[SourceTitle "EXT 2021"]
[Source "ChessBase"]
[SourceDate "2020.10.23"]
[SourceVersion "1"]
[SourceVersionDate "2020.10.23"]
[SourceQuality "1"]
[WhiteTeam "Nuernberg NT II"]
[BlackTeam "Herzogenaurach"]
[WhiteTeamCountry "GER"]
[BlackTeamCountry "GER"]

1. e4 e5 2. f4 Bc5 3. Nc3 d6 4. Nf3 Nf6 5. Bc4 0-0 6. d3 a6 7. Qe2 Nc6 8. Be3 Nd4 9. Bxd4 exd4 10. Nd5 c6 11. Nxf6+ Qxf6 12. Qd2 d5 13. e5 Qe7 14. Bb3 Bb4 15. c3 dxc3 16. bxc3 Ba5 17. d4 Bf5 18. 0-0 c5 19. Rac1 cxd4 20. Qxd4 Rfd8 21. Kh1 Rac8 22. Qe3 b5 23. Rfd1 Qc5 24. Nd4 Be4 25. Qh3 Qe7 26. Ne2 Rc6 27. Ng3 Rh6 28. Qg4 Rg6 29. Qe2 Rxg3 30. hxg3 Qe6 31. Qh5 Bb6 32. Bc2 Bg6 33. Bxg6 hxg6 34. Qg5 Rc8 35. g4 Bd8 36. f5 Bxg5 37. fxe6 Bxc1 38. exf7+ Kxf7 39. Rxc1 Ke6 40. Rf1 Rxc3 41. Kh2 d4 42. Re1 g5 43. Kg1 Ra3 44. Kf2 Rxa2+ 45. Kf3 Ra3+ 46. Kf2 b4 47. Re4 Rd3 48. Re1 a5 49. Ra1 Ra3 50. Re1 Re3 51. Rc1 Rxe5 52. Rc6+ Kd5 53. Rc7 a4 0-1

[Event "Oberliga Bayern 1718"]
[Site "Bayern"]
[Date "2017.12.10"]
[Round "4.6"]
[White "Wulfmeyer, Johannes"]
[Black "Finster, Michael"]
[Result "0-1"]
[WhiteElo "2227"]
[BlackElo "2099"]
[PlyCount "82"]
[EventDate "2017.10.22"]
[EventType "team-tourn"]
[EventRounds "9"]
[EventCountry "GER"]
[SourceTitle "EXT 2020"]
[Source "ChessBase"]
[SourceDate "2019.10.17"]
[SourceVersion "1"]
[SourceVersionDate "2019.10.17"]
[SourceQuality "1"]
[WhiteTeam "Nuernberg NT II"]
[BlackTeam "Herzogenaurach"]
[WhiteTeamCountry "GER"]
[BlackTeamCountry "GER"]

1. c4 f5 2. Nc3 Nf6 3. Nf3 d6 4. g3 g6 5. Bg2 Bg7 6. 0-0 e5 7. d3 Nc6 8. Rb1 a5 9. a3 0-0 10. Nd5 h6 11. b4 axb4 12. axb4 Kh7 13. b5 Ne7 14. Nxf6+ Bxf6 15. Qb3 Be6 16. Bb2 g5 17. Ra1 Rb8 18. Ra7 Ng6 19. Rfa1 f4 20. Ne1 Qc8 21. Nc2 h5 22. d4 h4 23. Be4 Kg7 24. Qd3 Ne7 25. dxe5 dxe5 26. Ne1 Rd8 27. Qc2 hxg3 28. fxg3 fxg3 29. hxg3 Nf5 30. Bxf5 Bxf5 31. e4 Bg6 32. Qe2 Qh3 33. R7a3 Rh8 34. Qg2 Qg4 35. Qf3 Qe6 36. Ng2 Be7 37. Ne3 Bc5 38. g4 Rbf8 39. Qg3 Rf4 40. Rf1 Rxg4 41. Bxe5+ Kh7 0-1

[Event "Landesliga Nord 1516"]
[Site "Bayern"]
[Date "2016.04.10"]
[Round "9.7"]
[White "Finster, Michael"]
[Black "Kuehn, Alexander1111"]
[Result "1-0"]
[WhiteElo "2067"]
[BlackElo "1762"]
[PlyCount "41"]
[EventDate "2015.10.11"]
[EventType "team-tourn"]
[EventRounds "9"]
[EventCountry "GER"]
[SourceTitle "EXT 2018"]
[Source "ChessBase"]
[SourceDate "2017.10.13"]
[SourceVersion "1"]
[SourceVersionDate "2017.10.13"]
[SourceQuality "1"]
[WhiteTeam "Herzogenaurach"]
[BlackTeam "Rottendorf"]
[WhiteTeamCountry "GER"]
[BlackTeamCountry "GER"]

1. e4 c6 2. c4 e5 3. d4 Bb4+ 4. Bd2 Qa5 5. Nf3 exd4 6. Nxd4 Nf6 7. Bd3 0-0 8. 0-0 Bxd2 9. Nxd2 Qb6 10. N4b3 d5 11. e5 Ng4 12. Nf3 Nd7 13. Bxh7+ Kxh7 14. Ng5+ Kg8 15. Qxg4 Nxe5 16. Qh4 Bf5 17. Qf4 Bd3 18. Qxe5 Bxf1 19. Rxf1 f6 20. Qe6+ Kh8 21. Qh3+ 1-0

[Event "Landesliga Nord 1516"]
[Site "Bayern"]
[Date "2015.10.25"]
[Round "2.7"]
[White "Just, Hannes"]
[Black "Finster, Michael"]
[Result "1/2-1/2"]
[WhiteElo "2103"]
[BlackElo "2067"]
[PlyCount "111"]
[EventDate "2015.10.11"]
[EventType "team-tourn"]
[EventRounds "9"]
[EventCountry "GER"]
[SourceTitle "EXT 2018"]
[Source "ChessBase"]
[SourceDate "2017.10.13"]
[SourceVersion "1"]
[SourceVersionDate "2017.10.13"]
[SourceQuality "1"]
[WhiteTeam "Nuernberg Sued SW"]
[BlackTeam "Herzogenaurach"]
[WhiteTeamCountry "GER"]
[BlackTeamCountry "GER"]

1. Nf3 f5 2. d3 Nf6 3. Bg5 g6 4. Bxf6 exf6 5. e4 d6 6. Nc3 Bg7 7. Be2 Nc6 8. Qd2 0-0 9. 0-0-0 a5 10. exf5 Bxf5 11. Qf4 Qd7 12. h3 d5 13. g4 Be6 14. d4 a4 15. a3 Na5 16. Ne1 c6 17. Nd3 b5 18. Rde1 Bf7 19. Na2 Nc4 20. Nc5 Qd8 21. Nb4 Rc8 22. h4 Qc7 23. Qxc7 Rxc7 24. Bxc4 dxc4 25. Ne6 Bxe6 26. Rxe6 f5 27. Nxc6 fxg4 28. h5 Rxf2 29. hxg6 hxg6 30. Rg1 Rf6 31. Rxf6 Bxf6 32. d5 Rd7 33. Nb4 c3 34. bxc3 Bxc3 35. Nc6 Kg7 36. Rxg4 Kh6 37. Rg3 Bf6 38. Rf3 Kg7 39. Rd3 g5 40. Nd4 Bxd4 41. Rxd4 Kf6 42. d6 Ke5 43. Rg4 Kf5 44. Rd4 g4 45. Kd2 g3 46. Ke2 Ke5 47. Rg4 Kxd6 48. Rxg3 Kc5 49. Rc3+ Kb6 50. Re3 Rd4 51. Rc3 b4 52. axb4 Kb5 53. Rc5+ Kxb4 54. c3+ Kxc5 55. cxd4+ Kc4 56. Kd2 1/2-1/2

[Event "Oberliga Bayern 1415"]
[Site "Germany"]
[Date "2014.11.09"]
[Round "2.7"]
[White "Heimrath, Reiner"]
[Black "Finster, Michael"]
[Result "1/2-1/2"]
[WhiteElo "2181"]
[BlackElo "2070"]
[PlyCount "76"]
[EventDate "2014.10.19"]
[EventType "team-tourn"]
[EventRounds "9"]
[EventCountry "GER"]
[SourceTitle "EXT 2016"]
[Source "ChessBase"]
[SourceDate "2015.10.08"]
[SourceVersion "1"]
[SourceVersionDate "2015.10.08"]
[SourceQuality "1"]
[WhiteTeam "Nuernberg NT"]
[BlackTeam "Puschendorf"]
[WhiteTeamCountry "GER"]
[BlackTeamCountry "GER"]

1. e4 e5 2. Nf3 d5 3. exd5 Bd6 4. d4 e4 5. Ne5 Nf6 6. Nc3 0-0 7. Be2 h6 8. 0-0 Re8 9. f4 exf3 10. Bxf3 c5 11. dxc6 Nxc6 12. Nxc6 bxc6 13. h3 Bc7 14. Be2 g5 15. Qd3 Qd6 16. Rf3 Qh2+ 17. Kf2 Nh5 18. Bd2 g4 19. hxg4 Bxg4 20. Rh3 Bxh3 21. Qxh3 Qxh3 22. gxh3 Nf4 23. Bf3 Re6 24. Bg4 f5 25. Bxf4 Bxf4 26. Bxf5 Rf6 27. Be4 Bc1+ 28. Ke2 Bxb2 29. Rg1+ Kh8 30. Kd3 Re8 31. Rg4 Rg8 32. Ne2 Rxg4 33. hxg4 Rd6 34. c3 a5 35. Kc2 Re6 36. Kd3 Rd6 37. Kc2 Re6 38. Kd3 Rd6 1/2-1/2

[Event "Oberliga Bayern 1314"]
[Site "Bayern"]
[Date "2014.03.16"]
[Round "8.8"]
[White "Finster, Michael"]
[Black "Wengler, Joerg"]
[Result "1/2-1/2"]
[WhiteElo "2064"]
[BlackElo "2106"]
[PlyCount "134"]
[EventDate "2013.10.13"]
[EventType "team-tourn"]
[EventRounds "9"]
[EventCountry "GER"]
[SourceTitle "EXT 2015"]
[Source "ChessBase"]
[SourceDate "2014.11.20"]
[SourceVersion "1"]
[SourceVersionDate "2014.11.20"]
[SourceQuality "1"]
[WhiteTeam "Puschendorf"]
[BlackTeam "Bayern Muenchen II"]
[WhiteTeamCountry "GER"]
[BlackTeamCountry "GER"]

1. e4 c6 2. c4 d5 3. exd5 cxd5 4. cxd5 Nf6 5. Nc3 Nxd5 6. Bc4 e6 7. Nf3 Nc6 8. 0-0 Be7 9. d4 0-0 10. a3 b6 11. Re1 Bb7 12. Nxd5 exd5 13. Bd3 Re8 14. Qc2 g6 15. Bh6 Bf6 16. Rxe8+ Qxe8 17. Re1 Qd8 18. Bb5 Qd6 19. Qe2 Bg7 20. Bxc6 Bxc6 21. Bxg7 Kxg7 22. Qe7 Qxe7 23. Rxe7 Kf6 24. Rc7 Be8 25. Ne5 Ke6 26. Ng4 h5 27. Ne3 Kd6 28. Rc3 Bd7 29. h4 Re8 30. f3 f6 31. Kf2 g5 32. g3 Rg8 33. Rc1 g4 34. f4 Re8 35. Rc2 Re4 36. Rd2 Re8 37. Re2 Rc8 38. Rc2 Re8 39. Rd2 Rc8 40. Nd1 Re8 41. Re2 Rc8 42. Nc3 Rc4 43. Ke3 Rc8 44. Rc2 Re8+ 45. Kd2 Re7 46. Rc1 Re8 47. b3 Re7 48. Re1 Rxe1 49. Kxe1 a5 50. Kd2 b5 51. Ke3 f5 52. Kd2 Kc6 53. Na2 Kb6 54. Kc3 Kc6 55. Nc1 Kb6 56. Nd3 Kc7 57. Nc5 Bc8 58. Kd2 Kb6 59. Nd3 Bd7 60. Kc2 Kc7 61. Kc3 Kb6 62. Ne5 Be8 63. b4 a4 64. Kd2 Kc7 65. Nd3 Bd7 66. Ke3 Kd6 67. Ne5 Be8 1/2-1/2

[Event "Nuremberg LGA Cup 7th"]
[Site "Nuremberg"]
[Date "2010.09.04"]
[Round "4"]
[White "Finster, Michael"]
[Black "Baskin, Robert"]
[Result "1/2-1/2"]
[WhiteElo "2153"]
[BlackElo "1870"]
[PlyCount "58"]
[EventDate "2010.09.02"]
[EventType "swiss"]
[EventRounds "7"]
[EventCountry "GER"]
[SourceTitle "CBM 138 Extra"]
[Source "ChessBase"]
[SourceDate "2010.10.29"]
[SourceVersion "1"]
[SourceVersionDate "2010.10.29"]
[SourceQuality "1"]

1. d4 e6 2. c4 d5 3. Nc3 Nf6 4. Bg5 Be7 5. Nf3 0-0 6. Bxf6 Bxf6 7. e4 c5 8. e5 cxd4 9. exf6 dxc3 10. fxg7 Re8 11. bxc3 Qf6 12. Rc1 Nc6 13. Be2 dxc4 14. Bxc4 Qxg7 15. h4 Qh6 16. Rh3 Rd8 17. Rg3+ Kf8 18. Qc2 Qf4 19. Rd1 Qxc4 20. Rxd8+ Nxd8 21. Ng5 b6 22. Qd2 Ba6 23. Nxh7+ Ke7 24. Qg5+ Kd7 25. Nf6+ Kc8 26. Qe5 Qf1+ 27. Kd2 Qxf2+ 28. Kc1 Qf1+ 29. Kc2 Nc6 1/2-1/2